Gouvernement du Québec - images - Statistiques

Statistiques générales
  • Ce quiz a été pris 4 fois
  • Le résultat moyen est 9 sur 31
Statistiques - réponses
Par images Hint Réponse % Correct
Ministre de l'Économie, de l'Innovation, de l'Énergie et de la Stratégie maritime Bernard Drainville
100%
Première ministre Christine Fréchette
100%
Ministre du Travail et des Relations canadiennes Jean Boulet
100%
Ministre de la Justice et des Affaires constitutionnelles Simon Jolin-Barrette
100%
Ministre de l'Éducation et Leader parlementaire adjointe Sonia LeBel
100%
Ministre des Finances et des Infrastructures Éric Girard
67%
Ministre délégué du Développement économique régional Eric Girard
67%
Ministre délégué de l'Économie et des PME Daniel Bernard
33%
Ministre de l'Immigration, de la Francisation et de l'Intégration et Leader parlementaire François Bonnardel
33%
Vice-premier ministre et Ministre de la Sécurité intérieure et des Relations avec les Premières Nations et Inuits Ian Lafrenière
33%
Ministre de la Langue française, de la Francophonie canadienne, de la Laïcité, des Institutions démocratiques et de l'Accès à l'information Jean-François Roberge
33%
Ministre des Services sociaux et de la Lutte contre l'itinérance Lionel Carmant
33%
Ministre des Affaires municipales Samuel Poulin
33%
Ministre de la Santé, des Aînés et des Proches aidants Sonia Bélanger
33%
Ministre du Tourisme Amélie Dionne
0%
Ministre des Transports et de la Mobilité durable Benoit Charette
0%
Ministre de la Famille Catherine Blouin
0%
Ministre de la Solidarité sociale, de l'Action communautaire et de la Métropole et de la Région de Montréal Chantal Rouleau
0%
Ministre des Relations internationales et de la Francophonie, des Québécois d'expression anglais et de la Lutte contre le racisme Christopher Skeete
0%
Ministre de l'Agriculture, des Pêcheries et de l'Alimentation Donald Martel
0%
Ministre de l'Administration gouvernementale, du Conseil du Trésor et de la Cybersécurité et du Numérique France-Élaine Duranceau
0%
Whip en chef du Gouvernement François Jacques
0%
Ministre de l'Emploi et de la Région de la Capitale-Nationale Jean-François Simard
0%
Ministre du Sport, du Loisir et du Plein air Kariane Bourassa
0%
Ministre de l'Habitation Karine Boivin Roy
0%
Ministre des Ressources naturelles et des Forêts Kateri Champagne Jourdain
0%
Ministre de l'Enseignement supérieur et de la Condition féminine Martine Biron
0%
Ministre de la Culture et des Communications Mathieu Lacombe
0%
Ministre délégué de la Jeunesse et des Régions Mathieu Lévesque
0%
Ministre de l'Environnement, des Changements climatiques, de la Faune et des Parcs Pascale Déry
0%
Président du caucus du Gouvernement Yves Montigny
0%
Aucun quiz correspondant
Distribution des résultats
% des personnes avec chaque résultat
Percentile par nombre de réponses
Votre historique - résultats
Vous n’avez pas pris ce quiz